Rajahs and rebels : The Ibans of Sarawak under Brooke rule, 1841-1941

Gardado en:
Detalles Bibliográficos
Autor Principal: Pringle, Robert
Formato: Libro
Idioma:Undetermined
Publicado: London MacMillan 1970
Những chủ đề:
Các nhãn: Engadir etiqueta
Sen Etiquetas, Sexa o primeiro en etiquetar este rexistro!
Thư viện lưu trữ: Trung tâm Học liệu Trường Đại học Cần Thơ
LEADER 00578nam a2200217Ia 4500
001 CTU_111084
008 210402s9999 xx 000 0 und d
020 |c 374000 
082 |a 991.1 
082 |b P957 
100 |a Pringle, Robert 
245 0 |a Rajahs and rebels : 
245 4 |b The Ibans of Sarawak under Brooke rule, 1841-1941 
245 0 |c Robert Pringle 
260 |a London 
260 |b MacMillan 
260 |c 1970 
650 |a Iban (bornean people),Sarawak 
650 |x History 
904 |i Giang 
980 |a Trung tâm Học liệu Trường Đại học Cần Thơ